El desquite de Yáñez /

La edición de esta novela del autor italiano fue publicada en más de un volumen, como parte de la colección Salgari, de la editorial mexicana Pirámide. La Biblioteca del ITESO cuenta sólo con la primera entrega de la edición.

Guardat en:
Dades bibliogràfiques
Autor principal: Salgari, Emilio (autor)
Format: Llibre
Idioma:espanyol
Publicat: México : Pirámide, 1952, c1952
Col·lecció:(Salgari ; 55)
Matèries:
Etiquetes: Afegir etiqueta
Sense etiquetes, Sigues el primer a etiquetar aquest registre!

MARC

LEADER 00000nam^a2200000^a^4500
001 000380268
005 20250526000000.0
009 20260310120554.779
037 |a Acervo ITESO - Biblioteca 
041 |a ESP 
082 |a 853.  |b SAL V. 55 
100 |a Salgari, Emilio  |e (autor) 
240 1 1 |a [Sandokan] 
240 1 1 |a [Aventuras de Sandokan y de Yáñez] 
240 1 4 |a [Los piratas de Malasia] 
240 1 1 |a [Piratas del sudeste asiático] 
245 1 3 |a El desquite de Yáñez /  |c E. Salgari ; il. de R. González. 
264 4 |a México :  |b Pirámide,  |c 1952, c1952 
300 |a 260 p. ;  |c 16.5 cm. 
336 |a texto  |b txt  |2 rdacontenido 
337 |a sin mediación  |b n  |2 rdamedio 
338 |a volumen  |b nc  |2 rdasoporte 
440 1 |a (Salgari ;  |v 55) 
500 |a Traducción de: La rivincita de Yanez 
520 |a La edición de esta novela del autor italiano fue publicada en más de un volumen, como parte de la colección Salgari, de la editorial mexicana Pirámide. La Biblioteca del ITESO cuenta sólo con la primera entrega de la edición. 
545 0 |a Nacido en 1862 en Verona, el italiano Emilio Salgari ya era a sus 18 años de edad capitán de altura, oficio en el que vivió numerosas aventuras. Al volver a su ciudad natal, Salgari se dedicó al periodismo y pasó pronto a la narrativa: reeditó en 1896 Los amores de un salvaje, su primera novela, aparecida en 1884 como folletín de la prensa local. Influido por los franceses Eugène Sue, Jules Verne y Alexandre Dumas, el italiano creó narraciones caracterizadas por su enérgico dinamismo y los exóticos escenarios de las acciones, que alcanzaron pronto el favor de los jóvenes lectores a quienes iban dirigidas. La vasta obra del italiano está compuesta por unas 80 novelas y cerca de 150 relatos, entre las que pueden mencionarse los ciclos de novelas protagonizada por Sandokan "El Tigre de la Malasia" y su lugarteniente portugués Yáñez y la serie de El Corsario Negro. Pertenecen al primer grupo Sandokan; La mujer del pirata; Los piratas de la Malasia; Los estranguladores; Los dos rivales; Los tigres de la Malasia; El rey del mar; La reconquista de Mompracem; El falso bracmán; La caída de un imperio; En los junglares de la India y El desquite de Yáñez. La segunda serie, por su parte, agrupa a El Corsario Negro; La venganza; La reina de los caribes; Honorata de Wan Guld; Yolanda y Morgan, entre otros títulos. Los misterios de la jungla negra; El hijo del corsario rojo; Los últimos filibusteros y Los misterios de la India son otras de las obras del veronés. Pese al éxito que obtuvieron sus libros, Salgari padecía problemas económicos y decidió suicidarse en un bosque de la colina de Turín en 1911. 
562 |a Falta cubierta 
649 |a XX 
650 |a Novela de Aventuras -  |z Italia 
650 |a Novela Italiana 
650 |a Literatura Italiana -  |y Siglo XX 
650 |a Assam, India en la Literatura 
650 |a India en la Literatura 
910 |a Fondo General 
920 |a Impresos - Libros 
930 |a Libros Antiguos y Raros 
940 |a Literatura 
905 |a 108 
901 |a 0500274893  |b IT2  |c LRA  |i D72647  |u 20250526 
902 |a https://opac.biblio.iteso.mx/vufind/Record/000380268